| 000 | 00767nam a2200193 i 4500 | ||
|---|---|---|---|
| 001 | 161470 | ||
| 003 | ES-MaACL | ||
| 005 | 20250524063057.0 | ||
| 008 | 981002s1858 sp |||| | spa d | ||
| 100 | 1 |
_aPasarón y Lastra, Ramón, _d1808-1876 _9130871 |
|
| 245 | 1 | 3 |
_aLa isla de Cuba considerada económicamente / _cpor el ex-intendente general de la misma Don Ramón Pasarón y Lastra. |
| 260 |
_aMadrid : _b[s.n.], _c1858 ( _fImp. de Don Cipriano López) |
||
| 300 |
_a183 p. ; _c22 cm. |
||
| 530 | _aDisponible en formato digital. | ||
| 651 | 4 |
_aCuba- _zSituación económica- _yS.XIX. _9167680 |
|
| 852 |
_aES-MaACL _jG-7666 _z- Enc. piel |
||
| 856 |
_uhttps://archive.org/details/laisladecubacon00goog _zInternet Archive |
||
| 999 |
_c161470 _d161470 |
||